Städte Mexikos - Statistiken

Allgemein
  • Dieses Quiz wurde 164 mal gespielt
  • Das Durchschnittsergebnis liegt bei 8 aus 20
Antwortstatistiken
Rang Einwohner Stadt % Korrekt
1 8.843.706 Mexiko-Stadt
100%
7 1.385.621 Guadalajara
86%
2 1.810.645 Tijuana
74%
9 1.142.952 Monterrey
73%
14 888.797 Cancún
58%
5 1.542.232 Puebla
53%
6 1.501.551 Ciudad Juárez
46%
12 921.771 Mérida
46%
4 1.579.803 León
41%
11 925.762 Chihuahua
38%
18 854.186 Mexicali
24%
19 845.941 San Luis Potosí
24%
17 855.563 Hermosillo
21%
20 808.416 Culiacán
19%
16 863.893 Aguascalientes
14%
3 1.643.623 Ecatepec de Morelos
10%
15 864.431 Saltillo
10%
8 1.257.547 Zapopan
10%
10 1.072.676 Nezahualcóyotl
8%
13 911.168 Naucalpan de Juárez
6%
Keine übereinstimmenden Quizze gefunden
Verteilung der Resultate
Anzahl Personen mit jedem Resultat
Perzentil nach korrekt beantworteten Fragen
Ihre Resultats-Entwicklung
Sie haben dieses Quiz noch nicht gespielt